000 00604nam a2200229Ia 4500
003 OSt
005 20220928115650.0
006 a|||||r|||| 00| 0
007 ta
008 220927b |||||||| |||| 00| 0 eng d
024 _a29440
037 _cTextual
040 _aSDCL
_cSDCL
_beng
041 _2eng
_aeng
082 _aG111, N6
100 _aButterfield D Allan Ed.
_9445391
245 0 _aBiofunctional membranes.
260 _aNew York
_b Plenum Press
_c1996
300 _axi,294p
_ccm.
942 _hG111, N6
_cTEXL
_2CC
999 _c760347
_d760347